00872nam a2200169Ia 4500008004100000020002200041050001900063100002300082245016300105260004300268300001100311500001600322650014200338700009600480952010900576999001700685120626s9999 xx 000 0 und d a978-844-581-783-4 aC RC465 D71518 aSPITZER, Robert L. aDSM-IV-TR, libro de casos ; los expertos cuentan de primera mano cómo tratan a sus pacientes / Robert L. Spitzer ...[et al.]; tr. Santiago Madero García aBarcelona ; México : Elsevier Masson a427 p. aVOLUMEN.- 2 a1. ENFERMEDADES MENTALES -- TRATAMIENTO -- ESTUDIO DE CASOS 2. ENFERMEDADES MENTALES -- DIAGNOSTICO -- CLASIFICACION -- ESTUDIO DE CASOS aFirst, Michael B., coaut. II. Williams, Janet B.W., coaut. III. Gibbon, Miriam, coaut.Ì 00104070a09b09d2011-01-18l16oC RC465 D71518p09 003871r2018-07-24s2018-07-24t1w2012-06-26yLB c64668d64668